000 00676nam a2200145Ia 4500
008 151213s9999 xx 000 0 und d
100 _aআব্দুর রশিদ শেখ মোহাম্মদ।
245 _aইসলামী ব্যাংকিং তত্ত্ব প্রয়োগ পদ্ধতি
_bতত্ত প্রয়োগ পদ্দতি
_cআব্দুর রশিদ শেখ মোহাম্মদ।
260 _aঢাকা
_bআল আমীন।
_c2004
300 _a1822 p.
650 _aFinance
650 _aFinance
700 _aআব্দুর রশিদ শেখ মোহাম্মদ।
999 _c1341
_d1341